00328 a2200097 4500001001000000005001700010008004100027245008400068100002600152773005200178ART_2652220260410161705.0260409a 10aLas modificaciones en las deducciones personales en el impuesto a las ganancias1 aGarcía, Fernando D.0 tRevista Impuestosg- Nº 22 (nov. 2008)wREV639